MDQL
is popping MORE tags! Check the
thread
!
Quizzes
Events
Quiz Creation
Community
Videos
Private Events
Remove Ads
Sign In
Join for FREE
Feedback
Dark Mode
Quiz Categories
Sports
Geography
Music
Movies
Television
Just For Fun
Miscellaneous
History
Literature
Language
Science
Gaming
Entertainment
Religion
Holiday
For Kids
Quiz Lab
Recent
Popular Today
Quiz Kudos Today
Editor Picks
Curator Picks
Quizzes by...
Day
Popularity
Type
Ratings
Length
Year
Community
Subscriptions
Recent Discussions
Orange Saloon
Badges
Playlists
Quests
Create
Leaderboards
Showdown
Live 5
Trivia Bingo
Activity
Puzzle Library
Sporcle Events
Private Events
Virtual Trivia
Globe League
Become a Host
Pub Owners
SporcleCon
Opinionation
Our Games
Videos
Blog
Mobile Apps
Partnerships
Remove Ads and Go Orange
Feedback
Music
Pop Music
The Beatles
Song
Album
Lyrics
Bands
Singers
Artist
Clip
Rock
Rap
Classical
Billboard
Country Music
Kpop
Taylor Swift
Music
Pop Music
The Beatles
Song
Album
Lyrics
Bands
Singers
Artist
Clip
Rock
Rap
Classical
Billboard
Country Music
Kpop
Taylor Swift
Random Quiz
Search Sporcle
×
Quiz Lab
Quiz Lab
Music
Oasis
Type in answers that appear in a list
Type in answers that appear in a list
Classic
Best Score? Go Orange.
Lyrics to 'Wonderwall' By Oasis Stats
Can you name the Lyrics to 'Wonderwall' By Oasis?
By
Son_of_the_Law
12m
21 Questions
313 Plays
313 Plays
313 Plays
Comments
Comments
Give Quiz Kudos
Give Quiz Kudos
-
- Ratings
hide this ad
Replay
Link that replays current quiz
Next Quiz
Link to next quiz in quiz playlist
You Got
0%
They Got
Avg Score
58%
Avg Friend Score
Upgrade to see
Score Distribution
Jump to the score distribution portion of the page
Score
0/21
Timer
12:00
0
Plays Today
First Lyrics
Finish the Lyrics
% Correct
I don't believe that anybody_
Feels the way I do about you now
82.4%
I don't believe that anybody_
Feels the way I do about you now
82.4%
I don't believe that anybody_
Feels the way I do about you now
82.4%
And all the lights that lead us there_
Are blinding
80.8%
All the roads we have to walk_
Are winding
80.2%
Back beat the word is on the street_
That the fire in your heart is out
74.1%
Today is gonna be the day...
That they're gonna throw it back to you
73.2%
And after all
You're my wonderwall
73.2%
And after all_
You're my wonderwall
73.2%
But_
I don't know how
70.9%
Because maybe_
You're gonna be the one that saves me
63.6%
First Lyrics
Finish the Lyrics
% Correct
I said maybe_
You're gonna be the one that saves me
63.6%
I said maybe_
You're gonna be the one that saves me
63.6%
You're gonna be the one that saves me_
You're gonna be the one that saves me
63.6%
I'm sure you're heard it all before_
But you never really had a doubt
63.3%
By now you shoulda, somehow_
Realised what you've got to do
33.5%
Today was gonna be the day_
But they'll never throw it back to you
33.5%
There are many things_
I would like to say to you
28.4%
By now you should have somehow_
Realised what you're not to do
27.8%
And all the light_
That light the way are blinding
16.3%
And all the roads_
That led you there were winding
1%
Quiz Playlist
Details
Report
Send in Message
Add To Playlist
Classic:
Type in answers that appear in a list
Quiz Source
Last Updated: Feb 16, 2017
Quiz Scoreboard
CHALLENGE
Sign Up to Join the Scoreboard
Show All
Scores
Hide
Comments
May contain spoilers
Recently Published
Find the 'City' Movie
by crazypaving
Movies
60s
5x2 Blitz: Bands
by SL_Kpop136
Music
30s
Colored Red Africa Blitz
by spor1
Geography
30s
More to Explore
Quiz From the Vault
Featured Blog Post
14 Easter Pick-up Lines to Find Eggs With
hide this ad
You Might Also Like...
Tags
Oasis
Today's Top Quizzes in Music
Browse Music
hide this ad
Today's Top Quizzes in Oasis
Browse Oasis
Top Contributed Quizzes in Music
1
5X2 Blitz: Bands II
2
Taylor Swift Logic Puzzle II
3
Taylor Swift All Songs (2024)
4
5X2 Blitz: The Beatles
5
5X2 Blitz: Billboard
6
5X2 Blitz: Singers
7
5X2 Blitz: Album
8
5X2 Blitz: Rock
9
Music Artist by Three 2010s hits
10
5X2 Blitz: Billboard II
Explore More
Trending Topics
Anime
Crossword
Disney
NBA
Harry Potter
Kpop
Marvel
Song
Pokémon
Puzzle
NFL
Country
The Office
WWE
Soccer
hide this ad
More By:
Son_of_the_Law
Quiz
Plays
Rating
Category
Featured
Created
Lyrics to 'Wonderwall' By Oasis
313
2.00
Music
Jun 22, 2011
Lyrics to 'Losing my religion' By REM
157
4.00
Music
Jun 23, 2011
Go to Creator's Profile
Score Distribution
Quiz Creator Spotlight
Son_of_the_Law
Follow
Send a Message
Quizzes Created
-
Created Quiz Play Count
-
More By This Creator
Popular Quizzes Today
1
Colored Red Africa Blitz
2
Find the 'City' Movie
3
5x2 Blitz: Bands
4
Find the US States - No Outlines Minefield
5
The Countries of the World
6
Find the US States
7
US States
8
9x9 Crossword: Cartoon Network
More Music Quizzes
Click the Band Members: ZZ Top
Editor's Pick
Trending Quizzes
Colored Red Europe Blitz I
Colored Red Africa Blitz II
Colored Red Africa Blitz III
Colored Red Europe Blitz III
Colored Red Europe Blitz II
Recently Updated
Champions League XIs: Real Madrid
pecheneg
Largest US Cities 1790-2010
pecheneg
Rides in Walt Disney World
pecheneg
Most Oscar Losses (Acting)
pecheneg
Beyoncé Albums
pecheneg
Leaping Animals
pecheneg
Reality TV Shows (A-Z)
bhenderson79
Rickey Henderson's Hall of Fame Teammates
pecheneg
Champions League XIs: Arsenal
pecheneg
Quick Pick: Celebrities in WWE's Hall of Fame
aduchscher
Trending Topics
Kpop
Harry Potter
Marvel
Anime
Disney
NBA
Crossword
The Office
Song
Puzzle
Soccer
Pokémon
NFL
Country
WWE
Your Account Isn't Verified!
In order to create a playlist on Sporcle, you need to verify the email address you used during registration. Go to your
Sporcle Settings
to finish the process.
Report this User
Report this user for behavior that violates our
Community Guidelines
.
Details:
Send Report
Go to the Sporcle.com Mobile Site →
Comments